000 00529cam a2200205ua 4500
001 1642
008 110714n ii |||gr||||Z||||||eng
040 _cMAIN
082 _a330.01
100 1 _aMadan,
_eAuthor.
245 1 _aEconomic theory, thought & practice
_cby Madan
250 _a1st.
260 _aNew Delhi:
_bA careers digest publication.
300 _a260p:
_c23cm.
653 _aEconomics
653 _aEconomic theory thought and practice
700 _aVarma,
_eAuthor.
700 _aAhuja,
_eAuthor.
942 _cBK
999 _c1529
_d1529